Visualizzazione normale
Vista MARC
- Sembello Michael
di Personal Name
Records bibliografici associati: 1
001 - CONTROL NUMBER
- control field: 5572
003 - CONTROL NUMBER IDENTIFIER
- control field: IT-RoPau
005 - DATE AND TIME OF LATEST TRANSACTION
- control field: 20131216161555.0
008 - FIXED-LENGTH DATA ELEMENTS
- fixed length control field: 131216|| aca||aabn | a|a d
040 ## - CATALOGING SOURCE
- Original cataloging agency: IT-RoPau
- Transcribing agency: IT-RoPau
100 ## - HEADING--PERSONAL NAME
- Personal name: Sembello Michael
- Relator term: Autore testo/musica
- Miscellaneous information: Codice autore testo/musica SPICS: 22587
- Name of part/section of a work: Imagination - Maniac
670 ## - SOURCE DATA FOUND
- Source citation: Work cat.: (IT-RoPau)101154: AA.VV. 794, Flashdance (Lp Original Soundtrack From The Motion Picture)